| 000 | 00599nam a2200181Ia 4500 | ||
|---|---|---|---|
| 003 | GCL | ||
| 008 | 140319s9999 xx 000 0 ara d | ||
| 040 |
_aGCL / _cGCL |
||
| 082 | 0 | 4 |
_a811.03 _bع م |
| 100 | 1 | _aعبدالمعين ملوحى | |
| 245 | 1 | 0 |
_aمراثى الاباء والامهات للبنين والبنات من الجاهلية الى اخر القرن الثامن / _cعبدالمعين ملوحى |
| 300 | _a214 | ||
| 490 |
_a100 قصة _v0 |
||
| 650 | 0 | 4 | _aالشعر العربى |
| 650 | 0 | 4 | _aشعر الرثاء |
| 650 | 0 | 4 | _aدواوين وقصائد |
| 942 |
_2ddc _cBK |
||
| 999 |
_c43878 _d43878 |
||